Využívanie cloud computingu v slovenských podnikoch
Súčasný stav v oblasti využívania cloud computingu v slovenských podnikoch. Hlavné výhody a bariéry využívania cloud computingu. Možnosti zlepšenia súčasného stavu.
Salvato in:
| Autore principale: | |
|---|---|
| Natura: | Capitolo di libro |
| Lingua: | slovacco |
| Soggetti: | |
| Tags: |
Nessun Tag, puoi essere il primo ad aggiungerne!!
|
MARC
| LEADER | 00000naa$a2200000$$$4500 | ||
|---|---|---|---|
| 001 | 0248730 | ||
| 005 | 20240502073958.5 | ||
| 041 | 0 | |a slo | |
| 044 | |a SK | ||
| 245 | 1 | 0 | |a Využívanie cloud computingu v slovenských podnikoch |c Štefan Čarnický |
| 520 | |a Súčasný stav v oblasti využívania cloud computingu v slovenských podnikoch. Hlavné výhody a bariéry využívania cloud computingu. Možnosti zlepšenia súčasného stavu. | ||
| 610 | 2 | 0 | |a cloud computing |
| 610 | 2 | 0 | |a služby |
| 610 | 2 | 0 | |a technológie informačné |
| 610 | 2 | 0 | |a technológie komunikačné |
| 610 | 2 | 0 | |a firmy |
| 610 | 2 | 0 | |a dáta |
| 610 | 2 | 0 | |a bezpečnosť |
| 100 | 1 | |a Čarnický, Štefan | |